Nói chuyện về cơ học Niutơn và vật lý học cổ điển

Những khái niệm và tư tưởng cơ bản của cơ học Niutơn cũng như ảnh hưởng của nó đến vật lý học cổ điển; Những khái niệm và tư tưởng cơ bản ấy lại được phê phán dưới ánh sáng của vật lý học hiện đại

Tallennettuna:
Bibliografiset tiedot
Aineistotyyppi: Kirja
Kieli:Vietnamese
Julkaistu: H. Giáo dục 1978
Aiheet:
Tagit: Lisää tagi
Ei tageja, Lisää ensimmäinen tagi!
Thư viện lưu trữ: Mạng thư viện Đại học Đà Nẵng
LEADER 01366nam a22003618a 4500
001 000008374
003 4561
005 20111017091015.0
008 111017s1978 b 000 0 vieod
020 |c 4000đ  |d 26000b 
041 0 |a vie 
082 |a 530  |b Noi 
084 |a C 
245 1 0 |a Nói chuyện về cơ học Niutơn và vật lý học cổ điển 
260 |a H.  |b Giáo dục  |c 1978 
300 |a 88tr  |c 21cm 
520 |a Những khái niệm và tư tưởng cơ bản của cơ học Niutơn cũng như ảnh hưởng của nó đến vật lý học cổ điển; Những khái niệm và tư tưởng cơ bản ấy lại được phê phán dưới ánh sáng của vật lý học hiện đại 
653 |a Vật lý 
653 |a vật lý học cổ điển 
653 |a cơ học 
653 |a Niutơn 
653 |a sách tham khảo 
910 |a Nguyễn Thị Kim Oanh  |d 17/10/2011 
OWN |a LSP 
AVA |a UDN50  |b LSP  |d 530 Noi  |e available  |t Error 5001 Not defined in file expand_doc_bib_avail.  |f 5  |g 3  |h N  |i 0  |k 1 
999 |a From the UDN01 
AVA |a UDN50  |b LSP  |d 530 Noi  |e available  |t Error 5001 Not defined in file expand_doc_bib_avail.  |f 5  |g 3  |h N  |i 0  |k 1 
TYP |a Monograph 
TYP |a Printed language 
980 |a Mạng thư viện Đại học Đà Nẵng